000 00498nam a2200181 i 4500
001 75577
003 ES-MaACL
005 20230906172518.0
007 t|
008 040927s1968 sp a |||| | spa d
100 1 _aGuadilla López, Antonio.
_960273
245 1 0 _aPropulsión de automóviles /
_cpor Antonio Guadilla López.
250 _a1ª ed.
260 _aBarcelona :
_bCeac,
_c1968.
300 _a267 p. :
_bil. ;
_c22 cm.
650 0 4 _aAutomóviles.
_910435
852 _aES-MaACL
_jC-37136
999 _c75577
_d75577